La coscienza imbrigliata al corpo : diari e taccuini 1964-1980 /

সংরক্ষণ করুন:
গ্রন্থ-পঞ্জীর বিবরন
প্রধান লেখক: Sontag, Susan (লেখক)
অন্যান্য লেখক: Dilonardo, Paolo (অনুবাদক), Rieff, David (সম্পাদক)
বিন্যাস: গ্রন্থ
ভাষা:ইতালিয়
প্রকাশিত: Milano : Nottetempo, 2019
মালা:Nottetempo. Ritratti
বিষয়গুলি:
ট্যাগগুলো: ট্যাগ যুক্ত করুন
কোনো ট্যাগ নেই, প্রথমজন হিসাবে ট্যাগ করুন!

MARC

LEADER 00000nam a22000007i 4500
001 IT\ICCU\RAV\2101608
003 ItRI
005 20260115232141.0
008 191127s2019 it |||||| ||||| |||||c
020 |a 9788874527755 
040 |b ita  |c importazione bologna sebina 
041 7 |a ita  |2 ISO-639-2 
082 |a 818.5403  |9 SCRITTI MISCELLANEI AMERICANI IN LINGUA INGLESE, 1945-1999. Diari, ricordi, taccuini  |2 22 
100 1 |a Sontag, Susan  |0 IT\ICCU\CFIV\093611  |4 aut 
240 1 0 |a As consciousness is harnessed to flesh  |3 IT\ICCU\BCT\0003962  |9 Sontag, Susan 
245 1 3 |a La coscienza imbrigliata al corpo :  |b diari e taccuini 1964-1980 /  |c Susan Sontag ; a cura di David Rieff ; traduzione di Paolo Dilonardo. 
260 |a Milano :  |b Nottetempo,  |c 2019 
300 |a 593 p. ;  |c 20 cm 
650 7 |a Sontag, Susan  |x Diari  |2 nsbncf 
700 1 |a Dilonardo, Paolo  |0 IT\ICCU\RAVV\092300  |4 trl 
700 1 |a Rieff, David  |0 IT\ICCU\VEAV\036957  |4 edt 
830 0 |a Nottetempo. Ritratti  |0 IT\ICCU\RAV\1199365 
942 |2 ddc  |c BK  |n 0 
952 |0 0  |1 0  |4 0  |6 DOC_818_540000000000000_SON  |7 0  |9 20906  |a BO  |b BO  |d 2026-01-15  |i 19178  |l 0  |o DOC 818.540 SON  |p BO19178  |r 2026-01-15 23:21:41  |w 2026-01-15  |x [Sebina 5] [1 v.]  |y BK  |z 1 v. 
999 |c 17860  |d 17860